000 00388nam a2200133Ia 4500
008 220217s9999||||xx |||||||||||||| ||und||
020 _a9788120330481
082 _a624.1843 GAM
100 _aGambhir, M.L
245 0 _aFundamentals of rainforced concrete design
260 _aPrentice hall of india
_bNew Delhi
_c2015
300 _aXVI, 519p.
_b395
650 _aCONCRETE TECHNOLOGY
999 _c187135
_d187135